000 00533nam a2200181Ia 4500
003 GCL
008 140319s9999 xx 000 0 ara d
040 _aGCL /
_cGCL
082 0 4 _a953.071
_bا ع
100 1 _aاسماعيل الامين
245 1 0 _aالعرب لم يغزو الاندلس: رؤية تاريخية مختلفة /
_cاسماعيل الامين
300 _a323 ص
490 _a
650 0 4 _aالاندلس
650 0 4 _aالعرب فى اسبانيا
650 0 4 _aفتح الاندلس
942 _2ddc
_cBK
999 _c38670
_d38670